<?xml version="1.0" encoding="UTF-8"?>
<record
    xmlns:xsi="http://www.w3.org/2001/XMLSchema-instance"
    xsi:schemaLocation="http://www.loc.gov/MARC21/slim http://www.loc.gov/standards/marcxml/schema/MARC21slim.xsd"
    xmlns="http://www.loc.gov/MARC21/slim">

  <leader>02242nam2a22003611  4500</leader>
  <controlfield tag="001">RU\NLR\A1SV\136333</controlfield>
  <controlfield tag="005">20260422164648.0</controlfield>
  <datafield tag="035" ind1=" " ind2=" ">
    <subfield code="a">(NLR Aleph) 010696858</subfield>
  </datafield>
  <datafield tag="090" ind1=" " ind2=" ">
    <subfield code="a">13490980</subfield>
    <subfield code="c">13490980</subfield>
  </datafield>
  <datafield tag="100" ind1=" " ind2=" ">
    <subfield code="a">20150306d1922    u  y0rusy50      ca</subfield>
  </datafield>
  <datafield tag="101" ind1="0" ind2=" ">
    <subfield code="a">rus</subfield>
  </datafield>
  <datafield tag="200" ind1="0" ind2=" ">
    <subfield code="a">&#x41A;&#x43D;.1</subfield>
  </datafield>
  <datafield tag="215" ind1=" " ind2=" ">
    <subfield code="a">3-264 &#x441;.</subfield>
  </datafield>
  <datafield tag="327" ind1="0" ind2=" ">
    <subfield code="a">[&#x421;&#x442;&#x438;&#x445;&#x438; / Allegro, &#x412;&#x43E;&#x43B;&#x43E;&#x448;&#x438;&#x43D;, &#x41C;., &#x41F;&#x430;&#x441;&#x442;&#x435;&#x440;&#x43D;&#x430;&#x43A;, &#x411;., &#x41D;&#x435;&#x441;&#x43C;&#x435;&#x43B;&#x43E;&#x432;, &#x411;.</subfield>
    <subfield code="a">&#x418;&#x441;&#x442;&#x43E;&#x440;&#x438;&#x44F; &#x43C;&#x43E;&#x435;&#x433;&#x43E; &#x441;&#x43E;&#x432;&#x440;&#x435;&#x43C;&#x435;&#x43D;&#x43D;&#x438;&#x43A;&#x430; / &#x41A;&#x43E;&#x440;&#x43E;&#x43B;&#x435;&#x43D;&#x43A;&#x43E;</subfield>
    <subfield code="a">&#x412; &#x442;&#x443;&#x43F;&#x438;&#x43A;&#x435; / &#x412;&#x435;&#x440;&#x435;&#x441;&#x430;&#x435;&#x432;, &#x412;.</subfield>
    <subfield code="a">&#x427;&#x443;&#x434;&#x43E; / &#x421;&#x435;&#x440;&#x433;&#x435;&#x435;&#x432;-&#x426;&#x435;&#x43D;&#x441;&#x43A;&#x438;&#x439;, &#x421;.</subfield>
    <subfield code="a">&#x41F;&#x440;&#x43E;&#x43B;&#x43E;&#x433; &#x43A; &#x43D;&#x430;&#x440;&#x43E;&#x434;&#x43D;&#x43E;&#x439; &#x442;&#x440;&#x430;&#x433;&#x435;&#x434;&#x438;&#x438; "&#x41F;&#x443;&#x433;&#x430;&#x447;&#x435;&#x432;" / &#x422;&#x440;&#x435;&#x43D;&#x435;&#x432;, &#x41A;.</subfield>
    <subfield code="a">&#x41D;&#x430;&#x440;&#x43E;&#x434; &#x43D;&#x430; &#x432;&#x43E;&#x439;&#x43D;&#x435; / &#x424;&#x435;&#x434;&#x43E;&#x440;&#x447;&#x435;&#x43D;&#x43A;&#x43E;, &#x421;.</subfield>
    <subfield code="a">&#x413;&#x430;&#x43C;&#x430;&#x44E;&#x43D; - &#x43F;&#x442;&#x438;&#x446;&#x430; &#x432;&#x435;&#x449;&#x430;&#x44F;. &#x41F;&#x430;&#x43C;&#x44F;&#x442;&#x438; &#x410;.&#x410;.&#x411;&#x43B;&#x43E;&#x43A;&#x430; / &#x41B;&#x44C;&#x432;&#x43E;&#x432;-&#x420;&#x43E;&#x433;&#x430;&#x447;&#x435;&#x432;&#x441;&#x43A;&#x438;&#x439;, &#x412;.]</subfield>
  </datafield>
  <datafield tag="461" ind1=" " ind2="1">
    <subfield code="1">001RU\NLR\A1SV\136332</subfield>
    <subfield code="1">2000#$v&#x41A;&#x43D;.1</subfield>
    <subfield code="9">9707547</subfield>
    <subfield code="c">&#x421;&#x438;&#x43C;&#x444;&#x435;&#x440;&#x43E;&#x43F;&#x43E;&#x43B;&#x44C;</subfield>
    <subfield code="d">1922</subfield>
    <subfield code="f">[&#x41F;&#x43E;&#x434; &#x440;&#x435;&#x434;. &#x410;.&#x411;.&#x414;&#x435;&#x440;&#x43C;&#x430;&#x43D;&#x430;, &#x41A;.&#x410;.&#x422;&#x440;&#x435;&#x43D;&#x435;&#x432;&#x430; &#x438; &#x42F;.&#x410;.&#x422;&#x443;&#x433;&#x435;&#x43D;&#x445;&#x43E;&#x43B;&#x44C;&#x434;&#x430;]</subfield>
    <subfield code="n">&#x41A;&#x440;&#x44B;&#x43C;&#x438;&#x437;&#x434;&#x430;&#x442;</subfield>
    <subfield code="t">&#x42E;&#x436;&#x43D;&#x44B;&#x439; &#x430;&#x43B;&#x44C;&#x43C;&#x430;&#x43D;&#x430;&#x445;</subfield>
    <subfield code="v">&#x41A;&#x43D;.1</subfield>
  </datafield>
  <datafield tag="600" ind1=" " ind2="1">
    <subfield code="a">&#x411;&#x43B;&#x43E;&#x43A;</subfield>
    <subfield code="b">&#x410;.&#x410;.</subfield>
    <subfield code="f">1880-1921</subfield>
    <subfield code="g">&#x410;&#x43B;&#x435;&#x43A;&#x441;&#x430;&#x43D;&#x434;&#x440; &#x410;&#x43B;&#x435;&#x43A;&#x441;&#x430;&#x43D;&#x434;&#x440;&#x43E;&#x432;&#x438;&#x447;</subfield>
  </datafield>
  <datafield tag="702" ind1=" " ind2="1">
    <subfield code="6">z01790</subfield>
    <subfield code="a">&#x421;&#x43E;&#x43B;&#x43E;&#x432;&#x44C;&#x435;&#x432;&#x430;</subfield>
    <subfield code="b">&#x41F;.&#x421;.</subfield>
    <subfield code="f">1867-1924</subfield>
    <subfield code="g">&#x41F;&#x43E;&#x43B;&#x438;&#x43A;&#x441;&#x435;&#x43D;&#x430; &#x421;&#x435;&#x440;&#x433;&#x435;&#x435;&#x432;&#x43D;&#x430;</subfield>
  </datafield>
  <datafield tag="702" ind1=" " ind2="1">
    <subfield code="a">&#x412;&#x43E;&#x43B;&#x43E;&#x448;&#x438;&#x43D;</subfield>
    <subfield code="b">&#x41C;.&#x410;.</subfield>
    <subfield code="f">1877-1932</subfield>
    <subfield code="g">&#x41C;&#x430;&#x43A;&#x441;&#x438;&#x43C;&#x438;&#x43B;&#x438;&#x430;&#x43D; &#x410;&#x43B;&#x435;&#x43A;&#x441;&#x430;&#x43D;&#x434;&#x440;&#x43E;&#x432;&#x438;&#x447;</subfield>
  </datafield>
  <datafield tag="702" ind1=" " ind2="1">
    <subfield code="a">&#x41F;&#x430;&#x441;&#x442;&#x435;&#x440;&#x43D;&#x430;&#x43A;</subfield>
    <subfield code="b">&#x411;.&#x41B;.</subfield>
    <subfield code="f">1890-1960</subfield>
    <subfield code="g">&#x411;&#x43E;&#x440;&#x438;&#x441; &#x41B;&#x435;&#x43E;&#x43D;&#x438;&#x434;&#x43E;&#x432;&#x438;&#x447;</subfield>
  </datafield>
  <datafield tag="702" ind1=" " ind2="1">
    <subfield code="a">&#x41D;&#x435;&#x441;&#x43C;&#x435;&#x43B;&#x43E;&#x432;</subfield>
    <subfield code="b">&#x411;.</subfield>
  </datafield>
  <datafield tag="702" ind1=" " ind2="1">
    <subfield code="a">&#x41A;&#x43E;&#x440;&#x43E;&#x43B;&#x435;&#x43D;&#x43A;&#x43E;</subfield>
    <subfield code="b">&#x412;.&#x413;.</subfield>
    <subfield code="f">1853-1921</subfield>
    <subfield code="g">&#x412;&#x43B;&#x430;&#x434;&#x438;&#x43C;&#x438;&#x440; &#x413;&#x430;&#x43B;&#x430;&#x43A;&#x442;&#x438;&#x43E;&#x43D;&#x43E;&#x432;&#x438;&#x447;</subfield>
  </datafield>
  <datafield tag="702" ind1=" " ind2="1">
    <subfield code="a">&#x412;&#x435;&#x440;&#x435;&#x441;&#x430;&#x435;&#x432;</subfield>
    <subfield code="b">&#x412;.&#x412;.</subfield>
    <subfield code="f">1867-1945</subfield>
    <subfield code="g">&#x412;&#x438;&#x43A;&#x435;&#x43D;&#x442;&#x438;&#x439; &#x412;&#x438;&#x43A;&#x435;&#x43D;&#x442;&#x44C;&#x435;&#x432;&#x438;&#x447;</subfield>
  </datafield>
  <datafield tag="702" ind1=" " ind2="1">
    <subfield code="7">ca</subfield>
    <subfield code="8">rus</subfield>
    <subfield code="a">&#x421;&#x435;&#x440;&#x433;&#x435;&#x435;&#x432;-&#x426;&#x435;&#x43D;&#x441;&#x43A;&#x438;&#x439;</subfield>
    <subfield code="b">&#x421;. &#x41D;.</subfield>
    <subfield code="f">1875-1958</subfield>
    <subfield code="g">&#x421;&#x435;&#x440;&#x433;&#x435;&#x439; &#x41D;&#x438;&#x43A;&#x43E;&#x43B;&#x430;&#x435;&#x432;&#x438;&#x447;</subfield>
    <subfield code="9">121541</subfield>
    <subfield code="3">RU\NLR\auth\7711802</subfield>
  </datafield>
  <datafield tag="702" ind1=" " ind2="1">
    <subfield code="a">&#x422;&#x440;&#x435;&#x43D;&#x435;&#x432;</subfield>
    <subfield code="b">&#x41A;.&#x410;.</subfield>
    <subfield code="f">1876-1945</subfield>
    <subfield code="g">&#x41A;&#x43E;&#x43D;&#x441;&#x442;&#x430;&#x43D;&#x442;&#x438;&#x43D; &#x410;&#x43D;&#x434;&#x440;&#x435;&#x435;&#x432;&#x438;&#x447;</subfield>
  </datafield>
  <datafield tag="702" ind1=" " ind2="1">
    <subfield code="a">&#x424;&#x435;&#x434;&#x43E;&#x440;&#x447;&#x435;&#x43D;&#x43A;&#x43E;</subfield>
    <subfield code="b">&#x421;.&#x417;.</subfield>
    <subfield code="f">1880-1959</subfield>
    <subfield code="g">&#x421;&#x43E;&#x444;&#x438;&#x44F; &#x417;&#x430;&#x445;&#x430;&#x440;&#x43E;&#x432;&#x43D;&#x430;</subfield>
  </datafield>
  <datafield tag="702" ind1=" " ind2="1">
    <subfield code="a">&#x41B;&#x44C;&#x432;&#x43E;&#x432;-&#x420;&#x43E;&#x433;&#x430;&#x447;&#x435;&#x432;&#x441;&#x43A;&#x438;&#x439;</subfield>
    <subfield code="b">&#x412;.&#x41B;.</subfield>
    <subfield code="f">1873-1930</subfield>
    <subfield code="g">&#x412;&#x430;&#x441;&#x438;&#x43B;&#x438;&#x439; &#x41B;&#x44C;&#x432;&#x43E;&#x432;&#x438;&#x447;</subfield>
  </datafield>
  <datafield tag="790" ind1=" " ind2="1">
    <subfield code="6">z01702</subfield>
    <subfield code="a">Allegro</subfield>
  </datafield>
  <datafield tag="801" ind1=" " ind2="0">
    <subfield code="a">RU</subfield>
    <subfield code="b">NLR</subfield>
    <subfield code="c">20150306</subfield>
  </datafield>
  <datafield tag="852" ind1=" " ind2=" ">
    <subfield code="a">NLR</subfield>
  </datafield>
  <datafield tag="942" ind1=" " ind2=" ">
    <subfield code="c">BOOK</subfield>
  </datafield>
  <datafield tag="980" ind1=" " ind2=" ">
    <subfield code="a">A1SV</subfield>
  </datafield>
  <datafield tag="980" ind1=" " ind2=" ">
    <subfield code="a">NB</subfield>
  </datafield>
</record>
